000
00304nam a2200109Ia 4500
008
190216s9999||||xx |||||||||||||| ||und||
100
_a
Srevastava R M & Divya Nigam
245
0
_a
Management Of Indian Financial Institutions
260
_b
Himalaya Publishing House
_c
2001
300
_a
756p
942
_c
BK
999
_c
6948
_d
6948